[Event "Wuertemberg-ch U18"]
[Site "Germany"]
[Date "2004.04.16"]
[Round "6"]
[White "Metko, Roland"]
[Black "Ackermann, Jens"]
[Result "1-0"]
[WhiteElo "1475"]
[BlackElo "1534"]
[PlyCount "35"]
[EventDate "2004.04.??"]
[EventType "swiss"]
[EventRounds "7"]
[EventCountry "GER"]
[SourceTitle "EXT 2005"]
[Source "ChessBase"]
[SourceDate "2004.11.15"]
[SourceVersion "1"]
[SourceVersionDate "2004.11.15"]
[SourceQuality "1"]

1. e4 e5 2. f4 exf4 3. Nf3 Nf6 4. Nc3 Bb4 5. d3 d5 6. Bd2 dxe4 7. dxe4 0-0 8. Bd3 Re8 9. 0-0 Bxc3 10. Bxc3 Bg4 11. Qd2 Nbd7 12. Qxf4 Qe7 13. Bxf6 Nxf6 14. e5 Qc5+ 15. Kh1 Bxf3 16. exf6 Be2 17. Bxe2 Rxe2 18. Qg4 1-0

[Event "Wuertemberg-ch U18"]
[Site "Germany"]
[Date "2004.04.15"]
[Round "5"]
[White "Ackermann, Jens"]
[Black "Buschle, Benedikt"]
[Result "0-1"]
[WhiteElo "1534"]
[BlackElo "1885"]
[PlyCount "84"]
[EventDate "2004.04.??"]
[EventType "swiss"]
[EventRounds "7"]
[EventCountry "GER"]
[SourceTitle "EXT 2005"]
[Source "ChessBase"]
[SourceDate "2004.11.15"]
[SourceVersion "1"]
[SourceVersionDate "2004.11.15"]
[SourceQuality "1"]

1. e4 c5 2. Nf3 d6 3. d4 cxd4 4. Bb5+ Bd7 5. Bxd7+ Nxd7 6. Nxd4 Ngf6 7. Nc3 g6 8. 0-0 Bg7 9. f4 Qb6 10. Na4 Qc7 11. Nc3 0-0 12. Kh1 Nc5 13. Qe2 Nfxe4 14. Nxe4 Bxd4 15. Nxc5 dxc5 16. c3 Bg7 17. f5 Qe5 18. Qc4 Rad8 19. Bf4 Qd5 20. Qe2 Rd7 21. fxg6 hxg6 22. Rad1 Qc6 23. Rxd7 Qxd7 24. Rd1 Qa4 25. Bc1 e6 26. b3 Qc6 27. c4 Qc7 28. Bg5 Be5 29. h3 f6 30. Bh6 Rd8 31. Qg4 Rxd1+ 32. Qxd1 Qd6 33. Qc2 Kf7 34. Be3 f5 35. h4 Bf4 36. Bxf4 Qxf4 37. Qe2 Qxh4+ 38. Kg1 Qd4+ 39. Kh1 e5 40. Qc2 e4 41. Qe2 e3 42. Qf3 Qh4+ 0-1

[Event "Wuertemberg-ch U18"]
[Site "Germany"]
[Date "2004.04.14"]
[Round "3"]
[White "Hanel, Paul"]
[Black "Ackermann, Jens"]
[Result "1/2-1/2"]
[WhiteElo "1417"]
[BlackElo "1534"]
[PlyCount "147"]
[EventDate "2004.04.??"]
[EventType "swiss"]
[EventRounds "7"]
[EventCountry "GER"]
[SourceTitle "EXT 2005"]
[Source "ChessBase"]
[SourceDate "2004.11.15"]
[SourceVersion "1"]
[SourceVersionDate "2004.11.15"]
[SourceQuality "1"]

1. d4 d5 2. e4 dxe4 3. Nc3 Nf6 4. f3 e6 5. fxe4 c5 6. Nf3 cxd4 7. Qxd4 Qxd4 8. Nxd4 Bb4 9. Bd3 b6 10. Bg5 Nbd7 11. 0-0 Bxc3 12. bxc3 Bb7 13. Nb5 Rc8 14. Nd6+ Ke7 15. Nxc8+ Rxc8 16. Rad1 h6 17. Bxf6+ gxf6 18. Bb5 Nc5 19. Bd3 Rg8 20. Rf2 Bxe4 21. Bxe4 Nxe4 22. Rf3 Rc8 23. Rdd3 f5 24. Rh3 a5 25. Rhe3 h5 26. h3 Rc4 27. g4 hxg4 28. hxg4 fxg4 29. Rd4 Rxd4 30. cxd4 f5 31. Rb3 Nd2 32. Rd3 Nf3+ 33. Kf2 Kd6 34. c4 Kc6 35. Kg3 Ng5 36. Kf4 Nf7 37. d5+ Kd6 38. dxe6+ Kxe6 39. Rb3 Kd7 40. Kxf5 Nd6+ 41. Kxg4 Nxc4 42. Kf4 Kd6 43. Rb5 Kc6 44. Rh5 Nd6 45. Ke3 b5 46. Kd3 a4 47. Kc3 Kb6 48. Kb4 Kc6 49. Ka5 Nc4+ 50. Kb4 Nd6 51. Rh6 Kc7 52. Kc5 Ne4+ 53. Kxb5 Nc3+ 54. Kb4 Nxa2+ 55. Kxa4 Nc3+ 56. Kb4 Nd5+ 57. Kc5 Ne7 58. Ra6 Kb7 59. Re6 Nf5 60. Rf6 Ne3 61. Rf7+ Kb8 62. Kc6 Nc4 63. Kc5 Ne5 64. Re7 Nd3+ 65. Kb6 Kc8 66. Re3 Nb4 67. Kc5 Na6+ 68. Kb6 Nb4 69. Re5 Kd7 70. Kb5 Kd6 71. Re1 Nd5 72. Rd1 Ke5 73. Kc5 Nf6 74. Rd5+ 1/2-1/2